00559nam a2200181Ia 450000500170000000800410001702000150005808200130007310000220008624500590010826000490016730000200021665000140023665000110025094200060026195200950026799900150036220240515030547.0240331s9999 xx 000 0 und d a9559620118 bPARa333 aParanavitana, K.D 0aLand for money :bDutch land registration in Sri Lanka aColombobNational Library of Sri Lankac2001 axiii, 164 p .,  aPolitical aSocial cL 001040708LaWERCLbWERCLcSSCd2024-03-31l0o 333 PARp4467r2024-03-31w2024-03-31yL c2740d2740